<?xml version="1.0" encoding="UTF-8"?>
<record
    xmlns:xsi="http://www.w3.org/2001/XMLSchema-instance"
    xsi:schemaLocation="http://www.loc.gov/MARC21/slim http://www.loc.gov/standards/marcxml/schema/MARC21slim.xsd"
    xmlns="http://www.loc.gov/MARC21/slim">

  <leader>01137naa a2200217 i 4500</leader>
  <controlfield tag="001">2649</controlfield>
  <controlfield tag="003">BPK</controlfield>
  <controlfield tag="005">20180320090316.0</controlfield>
  <controlfield tag="008">150512s2008    pl     f     |000 0 pol</controlfield>
  <datafield tag="040" ind1=" " ind2=" ">
    <subfield code="c">BPK</subfield>
    <subfield code="d">KOSZ 005/EG</subfield>
  </datafield>
  <datafield tag="080" ind1=" " ind2=" ">
    <subfield code="a">330.34</subfield>
  </datafield>
  <datafield tag="100" ind1="1" ind2=" ">
    <subfield code="a">SUSZY&#x143;SKI, Andrzej.</subfield>
    <subfield code="d">1996 - .</subfield>
    <subfield code="b">Politechnika Koszali&#x144;ska - Instytut Ekonomii i Zarz&#x105;dzania,</subfield>
    <subfield code="c">Katedra Polityki Spo&#x142;eczno-Gospodarczej i Ekonomiki Regionalnej</subfield>
  </datafield>
  <datafield tag="245" ind1="1" ind2="0">
    <subfield code="a">Planowanie strategiczne rozwoju obszar&#xF3;w wiejskich na przyk&#x142;adzie Pomorza &#x15A;rodkowego /</subfield>
    <subfield code="c">Andrzej Suszy&#x144;ski, Danuta Zawadzka.</subfield>
  </datafield>
  <datafield tag="500" ind1=" " ind2=" ">
    <subfield code="a">Dane z autopsji.</subfield>
  </datafield>
  <datafield tag="520" ind1=" " ind2=" ">
    <subfield code="a">Celem artyku&#x142;u jest okre&#x15B;lenie znaczenia planowania rozwoju obszar&#xF3;w wiejskich dla aktywizacji kapita&#x142;u spo&#x142;ecznego.</subfield>
  </datafield>
  <datafield tag="650" ind1=" " ind2="0">
    <subfield code="a">Wie&#x15B; - gospodarka.</subfield>
  </datafield>
  <datafield tag="650" ind1=" " ind2="0">
    <subfield code="a">Wzrost gospodarczy.</subfield>
  </datafield>
  <datafield tag="773" ind1="0" ind2=" ">
    <subfield code="i">W :</subfield>
    <subfield code="t">Problemy rozwoju regionalnego w teorii i praktyce / red. nauk. Antoni Szreder. -</subfield>
    <subfield code="d">S&#x142;upsk : Wy&#x17C;sza Hanzeatycka Szko&#x142;a Zarz&#x105;dzania, 2008. -</subfield>
    <subfield code="g">s. 252-262</subfield>
  </datafield>
  <datafield tag="700" ind1="1" ind2=" ">
    <subfield code="a">ZAWADZKA, Danuta.</subfield>
    <subfield code="d">2007-2011.</subfield>
    <subfield code="b">Politechnika Koszali&#x144;ska - Instytut Ekonomii i Zarz&#x105;dzania,</subfield>
    <subfield code="c">Zak&#x142;ad Finans&#xF3;w</subfield>
  </datafield>
  <datafield tag="942" ind1=" " ind2=" ">
    <subfield code="c">ROZ</subfield>
    <subfield code="2">UKD</subfield>
  </datafield>
  <datafield tag="999" ind1=" " ind2=" ">
    <subfield code="c">2649</subfield>
    <subfield code="d">2649</subfield>
  </datafield>
  <datafield tag="952" ind1=" " ind2=" ">
    <subfield code="0">0</subfield>
    <subfield code="1">0</subfield>
    <subfield code="4">0</subfield>
    <subfield code="7">0</subfield>
    <subfield code="a">BPK</subfield>
    <subfield code="b">BPK</subfield>
    <subfield code="o">94596</subfield>
    <subfield code="y">ROZ</subfield>
  </datafield>
</record>
